Responses for Show #8085 - Friday, November 1, 2019

Contestants

[<< previous game]

Jennifer Cooper, a university volunteer coordinator from Sylva, North Carolina

Christine McKeever, a writer from Los Angeles, California

Andrew Thomson, a journalist from Ottawa, Ontario, Canada (whose 1-day cash winnings total $24,001)

[next game >>]

Jeopardy! Round responses

A SHROOM WITH A VIEW
NAMED FOR A PRESIDENT
A FASHIONABLE CATEGORY
THE U.N. REPORTS
THEIR MAIN MUSICAL INSTRUMENT
"B.C."
    $200 17
button mushrooms

Jennifer
    $200 1
Reagan

Christine
    $200 12
halter

Christine
    $200 6
plastic

Jennifer
    $200 22
piano

Christine
    $200 7
bean curd

Christine
    $400 18
parasol

Jennifer
    $400 2
(Andrew: What are logs?)
(Alex: Be more specific.)
[Andrew shakes head no.]

Lincoln Logs

AndrewJennifer
    $400 13
Chantilly

Christine
    $400 27
refugees

Andrew
    $400 23
saxophone

Jennifer
    $400 8
boa constrictors

Jennifer
    $600 19
shiitake mushrooms

Triple Stumper
    $600 3
Monrovia

Andrew
    $600 14
accordion

Christine
    $600 28
(Andrew: What is emphysema?)
(Christine: What is tuberculosis?)

pneumonia

AndrewChristineJennifer
    $600 24
banjo

Jennifer
    $600 9
bass clef

Christine
    $800 20
(Jennifer: [*].)
(Alex: Remember to phrase it properly.)
(Jennifer: What is an [*]?)

oyster mushrooms

Jennifer
    $800 4
the Johnson Space Center

Andrew
    $800 15
Windsor

Christine
    $800 29
marijuana

Andrew
    $800 25
drums

Triple Stumper
    $800 10
Bamboo Curtain

Triple Stumper
    $1000 21
cremini

Christine
    $1,000 5
Hoover

Andrew
    $1000 16
(Christine: What is lederhosen?)

dirndl

ChristineJennifer
    $1000 30
income inequality

Andrew
    $1000 26
(Christine: What is cello?)

violin

ChristineJennifer
    $1000 11
a barrel cactus

Jennifer

Scores at the first commercial break (after clue 15):

Andrew Christine Jennifer
$2,000 $3,000 $2,000

Scores at the end of the Jeopardy! Round:

Andrew Christine Jennifer
$3,600 $1,600 $7,000

Double Jeopardy! Round responses

FEEL THE BERN!
BIG & SMALL SCREEN CLASSICS
AGRICULTURE
CONTRACTIONS
THE NATIONAL BOOK AWARDS
B.C.
    $400 16
Switzerland

Andrew
    $400 1
Singin' in the Rain

Christine
    $400 6
erosion

Andrew
    $400 10
'cause

Christine
    $400 30
The Right Stuff

Jennifer
    $400 21
Babylonian Exile (or diaspora)

Triple Stumper
    $800 17
bears

Andrew
    $800 2
Deadwood

Christine
    $800 7
(Andrew: What is California?)

Alaska

Andrew
Triple Stumper
    $800 11
y'all

Andrew
    $800 29
Russia

Christine
    $800 22
stones

Jennifer
    $1200 18
Einstein

Andrew
    $1200 3
Modern Times

Christine
    $1,500 8
chlorophyll

Andrew
    $1200 12
druthers

Christine
    $1200 28
The Underground Railroad

Andrew
    $1200 23
the Tiber

Andrew
    $1600 19
the Aare

Andrew
    $1600 4
St. Elsewhere

Christine
    $1600 9
(Andrew: What is sustainable?)

subsistence

AndrewChristine
    $1600 13
s'il vous plait

Andrew
    $1600 27
Gravity's Rainbow

Andrew
    $1,500 24
the Academy

Andrew
    $2000 20
Paul Klee

Triple Stumper
    $2000 5
Sideways

Andrew
    $2000 15
(Andrew: What is Hessen?)

Holstein

AndrewJennifer
    $2000 14
Mid

Triple Stumper
    $2000 26
Bernard Malamud

Triple Stumper
    $2000 25
Ephesus

Christine

Scores at the end of the Double Jeopardy! Round:

Andrew Christine Jennifer
$15,000 $11,600 $10,200

[wagering suggestions for these scores]

Final Jeopardy! Round responses

RELIGION
(Alex: [To Andrew] Wouldn't it be wild if we wound up with three zeros and three new players coming back after the Tournament of Champions?)
...
(Alex: [To Andrew] And you get to rest for two weeks, and we'll come back to start that Tournament of Champions on Monday. Join us then, won't you?)
JenniferWhat are the 7th Day Adventists
$10,200
ChristineWhat is 7th Day Adventist?
$11,600
AndrewWhat is Seventh-Day Adventism?
$8,201
Pentecostalism

Final scores:

Andrew Christine Jennifer
$6,799 $0 $0
2-day champion: $30,800 2nd place: $2,000 3rd place: $1,000

Game dynamics:

Coryat scores:

Andrew Christine Jennifer
$14,800 $11,600 $10,200
19 R
(including 3 DDs),
5 W
18 R,
3 W
15 R,
0 W

Combined Coryat: $36,600

[game clues] [game scores] [suggest correction]

Game tape date: 2019-08-27
The J! Archive is created by fans, for fans. Scraping, republication, monetization, and malicious use prohibited; this site may use cookies and collect identifying information. See terms. The Jeopardy! game show and all elements thereof, including but not limited to copyright and trademark thereto, are the property of Jeopardy Productions, Inc. and are protected under law. This website is not affiliated with, sponsored by, or operated by Jeopardy Productions, Inc. Join the discussion at JBoard.tv.